Public lecture : "Challenge facing developing countries in world trade and investment" (24 Febuary 2004:Kuala Lumpur,Hotel Nikko).
| Corporate Authors: | , , |
|---|---|
| Format: | Book |
| Published: |
Kuala Lumpur:
University of Malaya,
2004.
|
| Subjects: |
| LEADER | 00543cam a2200157 7i4500 | ||
|---|---|---|---|
| 001 | 0000015355 | ||
| 005 | 20050426090000.0 | ||
| 090 | 0 | 0 | |a M 362.5 |b UNI |
| 110 | 2 | 0 | |a University of Malaya |
| 245 | 2 | 0 | |a Public lecture : |b "Challenge facing developing countries in world trade and investment" (24 Febuary 2004:Kuala Lumpur,Hotel Nikko). |
| 260 | 0 | 0 | |a Kuala Lumpur: |b University of Malaya, |c 2004. |
| 300 | # | # | |a 18 p. |
| 650 | 0 | 0 | |a Invesments |
| 710 | 2 | 2 | |a Akyuz,Yilmaz.Dr |
| 710 | 2 | 2 | |a Tun Ismail Ali |
| 999 | |a 0000015732 |b Book |c Malaysia |e Business Information Centre | ||